Normal view
MARC view
- González Ceballos, Irene
Entry Nombre Personal
001 - NUMERO DE CONTROL
- campo de control: 49066
003 - IDENTIFICADOR DE NUMERO DE CONTROL
- campo de control: UPN
005 - FECHA Y HORA DE LA ÜLTIMA TRANSACCIÓN
- campo de control: 20230529130554.0
008 - DATOS DE LONGITUD FIJA
- campo de control de longitud fija: 230529|| acn||aabn | a|a d
024 7# - OTROS IDENTIFICADORES NORMALIZADOS
- Fuente: orcid
040 ## - FUENTE DE CATALOGACIÓN
- Agencia original de catalogación: MX-MxUPN
100 ## - ENCABEZAMIENTO - NOMBRE PERSONAL
- Nombre personal: González Ceballos, Irene
370 ## - LUGAR ASOCIADO
- Associated country: España
371 ## - DIRECCIÓN
- Electronic mail address: irene.gonzalezc@udg.edu
372 ## - CAMPO DE ACTIVIDAD
- Field of activity: Psicología evolutiva y de la educación
373 ## - GRUPO ASOCIADO
- Associated group: Universidad de Girona. Departamento de Psicología
- Associated group: Institut de recerca educativa
374 ## - OCUPACIÓN
- Occupation: Investigadora universitaria
670 ## - FUENTE EN LA QUE SE LOCALIZARON DATOS
- Cita de la fuente: En sitio web: Universidad de Girona
- Información localizada: (Gonzalez Ceballos, Irene)
- Uniform Resource Identifier: https://www.udg.edu/en/directori?PAS=undefined&PAC=true&nom=&cognom=Irene+Gonzalez+Ceballos
902 ## - CATALOGADOR
- Catalogador: Leonor Sotres/290523
